| 000 | 00737cab a2200241 4500 | ||
|---|---|---|---|
| 001 | WB2927-31 | ||
| 008 | 090401t1993 xxu||||| |||| 00| 0 eng d | ||
| 035 | _a(Sirsi) u72191 | ||
| 041 | _aeng | ||
| 100 | _aBennett, Elizabeth | ||
| 245 | _aTurnover leases | ||
| 260 | _c1993 | ||
| 350 | _a0 | ||
| 490 |
_aCSW - The Property Week _v44(3) 15 July 1993, 57(1) |
||
| 520 | _aHighlights the problems landlords may face when dealing with non-performing tenants in the context of turnover leases. | ||
| 650 | _aLANDLORD AND TENANT ACT 1954 | ||
| 650 | _aNON-PERFORMING LEASES | ||
| 650 | _aRENEWAL OF LEASE | ||
| 650 | _aTURNOVER LEASES | ||
| 690 | _aLANDLORD AND TENANT-BUSINESS TENANCIES | ||
| 942 | _n0 | ||
| 948 | _c04/03/1997 | ||
| 999 |
_c45572 _d45572 |
||